000
00250nam a2200109Ia 4500
008
230907s9999||||xx |||||||||||||| ||und||
082
_a
370.72
_b
CRE
245
0
_a
Educational research :
260
_a
Pearson,
_c
2019
300
_a
650 p.
942
_c
BK
999
_c
600252
_d
600252